Discursos de recepción leídos en la Real Academia de Ciencias Morales y Políticas (Record no. 172689)

MARC details
000 -LEADER
campo de control de longitud fija 02450nas a2200337 i 4500
001 - NÚMERO DE CONTROL
campo de control 172689
003 - IDENTIFICADOR DE NÚMERO DE CONTROL
campo de control ES-MaACL
005 - FECHA Y HORA DE LA ÚLTIMA TRANSACCIÓN
campo de control 20250905140922.0
007 - CAMPO FIJO DE DESCRIPCIÓN FÍSICA--INFORMACIÓN GENERAL
campo de control de longitud fija t|
008 - DATOS DE LONGITUD FIJA--INFORMACIÓN GENERAL
campo de control de longitud fija 090821c1894 sp a| | 1 ||pa d
080 ## - NÚMERO DE LA CLASIFICACIÓN DECIMAL UNIVERSAL
Número de la Clasificación Decimal Universal 3 : 061.12(460)
110 2# - ENTRADA PRINCIPAL--NOMBRE DE ENTIDAD CORPORATIVA
Nombre de entidad corporativa o nombre de jurisdicción como elemento de entrada Real Academia de Ciencias Morales y Políticas (España)
9 (RLIN) 222050
245 10 - MENCIÓN DEL TÍTULO
Título Discursos de recepción leídos en la Real Academia de Ciencias Morales y Políticas
Fechas predominantes 1887-1890.
260 ## - PUBLICACIÓN, DISTRIBUCIÓN, ETC.
Lugar de publicación, distribución, etc. Madrid :
Nombre del editor, distribuidor, etc. [s. n.],
Fecha de publicación, distribución, etc. 1894 (Tip. de los Huérfanos)
300 ## - DESCRIPCIÓN FÍSICA
Extensión 1 v. ;
Dimensiones 26 cm.
505 8# - NOTA DE CONTENIDO CON FORMATO
Nota de contenido con formato Contiene: T. V: De la metafísica / Alejandro Pidal y Mon (59 p.). Contestación / Carlos María Perier (p. 61-74). Principios capitales a que deben ajustarse en nuestra codificación civilla vida y modo de ser de las personas morales / Francisco Silvela (p. 75-125). Contestación / Carlos María Perier (p. 127-144). El crédito agrícola / Eugenio Montero Ríos (p. 145-196). Contestación / Laureano Figuerola (p. 197-213). Consideraciones histórico-críticas acerca del sufragio universal como órgano de la representación política en las sociedades modernas / Raimundo Fernández Villaverde (p. 215-272). Contestación / Conde de Toreno (p. 273-327). Necesidad del poder real en el régimen parlamentario / Joaquín Sánchez de Toca (p. 329-365). Contestación / Alejandro Pidal y Mon (p. 367-391). Problema social en España / Aureliano Linares Rivas (p. 393-441). Contestación / Fernando Cos-Gayón (p. 443-469). La crisis religiosa, causa pricipalísima de la crisis social, tiene el catolicismo su remedio más eficaz / José Salamero y Martínez (p. 471-603). Contestación / Vicente de la Fuente (p. 605-617).
700 1# - ENTRADA AGREGADA--NOMBRE PERSONAL
Nombre de persona Queipo de Llano y Gayoso, Francisco de Borja,
Títulos y otros términos asociados al nombre Conde de Toreno.
9 (RLIN) 158110
700 1# - ENTRADA AGREGADA--NOMBRE PERSONAL
Nombre de persona Fuente, Vicente de la,
Fechas asociadas al nombre 1817-1889
9 (RLIN) 52857
700 1# - ENTRADA AGREGADA--NOMBRE PERSONAL
Nombre de persona Pidal y Mon, Alejandro,
Fechas asociadas al nombre 1846-1913
9 (RLIN) 91890
700 1# - ENTRADA AGREGADA--NOMBRE PERSONAL
Nombre de persona Perier, Carlos María.
9 (RLIN) 131024
700 1# - ENTRADA AGREGADA--NOMBRE PERSONAL
Nombre de persona Silvela, Francisco,
Fechas asociadas al nombre 1845-1905
9 (RLIN) 106425
700 1# - ENTRADA AGREGADA--NOMBRE PERSONAL
Nombre de persona Montero Ríos, Eugenio,
Fechas asociadas al nombre 1832-1914
9 (RLIN) 82537
700 1# - ENTRADA AGREGADA--NOMBRE PERSONAL
Nombre de persona Figuerola, Laureano,
Fechas asociadas al nombre 1816-1903
9 (RLIN) 50808
700 1# - ENTRADA AGREGADA--NOMBRE PERSONAL
Nombre de persona Fernández Villaverde, Raimundo,
Fechas asociadas al nombre 1848-1905
9 (RLIN) 50163
700 1# - ENTRADA AGREGADA--NOMBRE PERSONAL
Nombre de persona Sánchez de Toca, Joaquín,
Fechas asociadas al nombre 1852-1942
9 (RLIN) 102598
700 1# - ENTRADA AGREGADA--NOMBRE PERSONAL
Nombre de persona Linares Rivas, Aureliano.
9 (RLIN) 72354
700 1# - ENTRADA AGREGADA--NOMBRE PERSONAL
Nombre de persona Cos-Gayón, Fernando,
Fechas asociadas al nombre 1825-1898
9 (RLIN) 40977
700 1# - ENTRADA AGREGADA--NOMBRE PERSONAL
Nombre de persona Salamero y Martínez, José,
Término indicativo de función/relación
9 (RLIN) 227506
852 ## - LOCALIZACIÓN
Ubicación ES-MaACL
Número de control de estantería K-187
Holdings
Estatus retirado Estado de pérdida Estado de daño No para préstamo Colección Biblioteca de origen Biblioteca actual Ubicación en estantería Fecha de adquisición Total de préstamos Signatura topográfica completa Código de barras Visto por última vez Precio de reemplazo Tipo de ítem Koha
        Periódicos y Revistas Biblioteca del Ateneo de Madrid Biblioteca del Ateneo de Madrid Administración 21/08/2009   K-187 1181219 23/02/2023 23/02/2023 Revista